书目信息 |
| 题名: |
城市污泥资源化技术进展
|
|
| 作者: | 张信芳 , 张盼月 , 张光明 编著 | |
| 分册: | ||
| 出版信息: | 北京 化学工业出版社 2006.04 |
|
| 页数: | 180页 | |
| 开本: | 26cm | |
| 丛书名: | ||
| 单 册: | ||
| 中图分类: | X703.1 | |
| 科图分类: | ||
| 主题词: | 城市--污泥利用--技术 , 废物综合利用 , 废物处理 | |
| 电子资源: | ||
| ISBN: | 7-5025-8256-8 | |
| 000 | 00779nam0 2200241 450 | |
| 001 | 0659112031 | |
| 005 | 20061010150618.78 | |
| 010 | @a7-5025-8256-8@dCNY 28.00 | |
| 100 | @a20060817d2006 km y0chiy0120 ea | |
| 101 | 0 | @achi |
| 102 | @aCN@b110000 | |
| 200 | 1 | @a城市污泥资源化技术进展@Acheng shi wu ni zi yuan hua ji shu jin zhan@f张光明,张信芳,张盼月编著@Fzhang guang ming,zhang xin fang,zhang pan yue bian zhu |
| 210 | @a北京@c化学工业出版社@d2006.04 | |
| 215 | @a180页@d26cm | |
| 606 | 0 | @a城市@x污泥利用@x技术 |
| 606 | 0 | @a废物综合利用 |
| 606 | 0 | @a废物处理 |
| 690 | @aX703.1@v4 | |
| 701 | 0 | @a张信芳@Azhang xin fang@4编著 |
| 701 | 0 | @a张盼月@Azhang pan yue@4编著 |
| 701 | 0 | @a张光明@Azhang guang ming@4编著 |
| 801 | @aCN@c20061010 | |
| 905 | @apdsgxy@dX703.1@eZ104 | |
| 城市污泥资源化技术进展/张光明,张信芳,张盼月编著.-北京:化学工业出版社,2006.04 |
| 180页;26cm |
| ISBN 7-5025-8256-8:CNY 28.00 |
| ● |
| 相关链接 |
|
|
|
正题名:城市污泥资源化技术进展
索取号:X703.1/Z104
 
预约/预借
| 序号 | 登录号 | 条形码 | 馆藏地/架位号 | 状态 | 备注 |
| 1 | 608313 | 206083138 | 自科二线504/501自科库 106排2列5层/ [索取号:X703.1/Z104] | 在馆 | |
| 2 | 608314 | 206083147 | 自科库501/501自科库 106排2列5层/ [索取号:X703.1/Z104] | 在馆 | |
| 3 | 608315 | 206083156 | 自科二线504/501自科库 106排2列5层/ [索取号:X703.1/Z104] | 在馆 |